Score 0/13 Timer 02:00
1 Play Today
Clue 4-Letter Word % Correct
Opposite of profitLOSS
97.2%
Edible ice cream holderCONE
95.3%
A walking stickCANE
94.1%
Greatest in quantityMOST
94%
Plant not found on a rolling stoneMOSS
93.8%
Author LowryLOIS
92.3%
Highway divisionLANE
89.6%
Three hands?FOOT
88.4%
A jester or idiotFOOL
87.2%
Prepare foodCOOK
86.1%
Chic or hipCOOL
85.6%
To hit on the headCONK
82.3%
Debatable or disputedMOOT
81%

Today's Daily Dose

Remove Ads.
Support Sporcle.
Get the best of Sporcle when you Go Orange. This ad-free experience offers more features, more stats, and more fun while also helping to support Sporcle. Thank you for becoming a member.

You're not logged in!

Compare scores with friends on all Sporcle quizzes.
OR
Log In

Show Comments

Extras

Top Quizzes Today


Score Distribution

Your Account Isn't Verified!

In order to create a playlist on Sporcle, you need to verify the email address you used during registration. Go to your Sporcle Settings to finish the process.

Report this User

Report this user for behavior that violates our Community Guidelines.

Details: